| 000 | 07054cam a22009374i 4500 | ||
|---|---|---|---|
| 003 | PE-LiUPU | ||
| 005 | 20250731173516.0 | ||
| 008 | 150616s1996 pe r 000 0 spa d | ||
| 035 | _a(Sirsi) a8096 | ||
| 040 |
_aPE-LiUPU _bspa _cPE-LiUPU _erda |
||
| 049 | _aPRUA | ||
| 082 | 0 | 4 |
_a254 _bL37L _221 |
| 082 | 0 | 4 |
_a220.5 _bL37 1996 |
| 082 | 0 | 4 |
_a253.7 _bL37 _220 |
| 100 | 1 |
_aLee, Harris W., _eautor. |
|
| 245 | 1 | 0 |
_aLiderazgo eclesiástico efectivo : _ / _cHarris W. Lee. |
| 264 | 1 |
_aAugsburg/Minneapolis (i.e.) Lima, Ñaña : _bEditorial Imprenta Unión, _c1996. |
|
| 300 |
_a197 páginas : _bilustraciones ; _c20 centímetros |
||
| 336 |
_atext _2rdacontent |
||
| 337 |
_aunmediated _2rdamedia |
||
| 338 |
_avolume _2rdacarrier |
||
| 500 | _a2 ejemplares en Centro White. 2 en PG . 1 en Biblioteca Escolar. | ||
| 505 | 0 | _aLiderazgo y líderes -- Lo que los líderes necesitan saber -- La gente que es líder -- Tareas claves de liderazgo -- La fe activa en el liderazgo. | |
| 526 | _aSEG42 | ||
| 526 | _aSEG41 | ||
| 526 | _aSEG40 | ||
| 526 | _aSEG39 | ||
| 526 | _aP94 | ||
| 526 | _aP87 | ||
| 526 | _aP86 | ||
| 526 | _aP85 | ||
| 526 | _aP77 | ||
| 526 | _aP76 | ||
| 526 | _aP35 | ||
| 650 | 0 | 4 | _aLiderazgo cristiano. |
| 910 |
_ajck _bjvq _cjck |
||
| 910 |
_ajck _bncf _cncf _d20161005 |
||
| 942 |
_2ddc _cBOOK |
||
| 949 |
_a254 L37L _wDEWEY _c1 _i46959 _lCCODEBUL1 _mBUL _p00.00 _r0 _sY _tBOOK _u19960810 _xTEOLOGIA _zUNKNOWN _0COMPRA _o.STAFF. Colección General |
||
| 949 |
_a254 L37L _wDEWEY _c2 _i47744 _lCCODEBUL1 _mBUL _p00.00 _r0 _sY _tBOOK _u19960810 _xTEOLOGIA _zUNKNOWN _0COMPRA _o.STAFF. Colección General |
||
| 949 |
_a254 L37L _wDEWEY _c3 _i50954 _lCCODEBUL1 _mBUL _p00.00 _r0 _sY _tBOOK _u19960810 _xTEOLOGIA _zUNKNOWN _0COMPRA _o.STAFF. Colección General |
||
| 949 |
_a254 L37L _wDEWEY _c4 _i50734 _lCCODEBUL1 _mBUL _p00.00 _r0 _sY _tBOOK _u19960810 _xTEOLOGIA _zUNKNOWN _0COMPRA _o.STAFF. Colección General |
||
| 949 |
_a254 L37L _wDEWEY _c5 _i50735 _lCCODEBUL1 _mBUL _p00.00 _r0 _sY _tBOOK _u19960810 _xTEOLOGIA _zUNKNOWN _0COMPRA _o.STAFF. Colección General |
||
| 949 |
_a254 L37L _wLC _c1 _i18445-1005 _lCIW _mBUL _p00.00 _r1 _sY _tBOOK _u2016-07-20 _xWHITE _zUNKNOWN _0COMPRA _o.STAFF. Centro White |
||
| 949 |
_a220.5 L37 1996 _wDEWEY _c1 _iFT01114 _lCCODEBUT1 _mBUT _p{Dolar}8.00 _r0 _sY _tBOOK _u19960810 _xBIBLIOTECA _zUNKNOWN _o.STAFF. Colección General Tarapoto |
||
| 949 |
_a220.5 L37 1996 _wDEWEY _c2 _iFT01120 _lCCODEBUT1 _mBUT _p{Dolar}8.00 _r0 _sY _tBOOK _u19960810 _xBIBLIOTECA _zUNKNOWN _o.STAFF. Colección General Tarapoto |
||
| 949 |
_a220.5 L37 1996 _wDEWEY _c3 _iFT01115 _lCCODEBUT1 _mBUT _p{Dolar}8.00 _r0 _sY _tBOOK _u19960810 _xBIBLIOTECA _zUNKNOWN _o.STAFF. Colección General Tarapoto |
||
| 949 |
_a220.5 L37 1996 _wDEWEY _c4 _iFT01112 _lCCODEBUT1 _mBUT _p{Dolar}8.00 _r0 _sY _tBOOK _u19960810 _xBIBLIOTECA _zUNKNOWN _o.STAFF. Colección General Tarapoto |
||
| 949 |
_a220.5 L37 1996 _wDEWEY _c5 _iFT01116 _lCCODEBUT1 _mBUT _p{Dolar}8.00 _r0 _sY _tBOOK _u19960810 _xBIBLIOTECA _zUNKNOWN _o.STAFF. Colección General Tarapoto |
||
| 949 |
_a220.5 L37 1996 _wDEWEY _c6 _iFT01117 _lCCODEBUT1 _mBUT _p{Dolar}8.00 _r0 _sY _tBOOK _u19960810 _xBIBLIOTECA _zUNKNOWN _o.STAFF. Colección General Tarapoto |
||
| 949 |
_a220.5 L37 1996 _wDEWEY _c7 _iFT01118 _lCCODEBUT1 _mBUT _p{Dolar}8.00 _r0 _sY _tBOOK _u19960810 _xBIBLIOTECA _zUNKNOWN _o.STAFF. Colección General Tarapoto |
||
| 949 |
_a220.5 L37 1996 _wDEWEY _c8 _iFT01119 _lCCODEBUT1 _mBUT _p{Dolar}8.00 _r0 _sY _tBOOK _u19960810 _xBIBLIOTECA _zUNKNOWN _o.STAFF. Colección General Tarapoto |
||
| 949 |
_a220.5 L37 1996 _wDEWEY _c9 _iFT03546 _lCCODEBUT1 _mBUT _p{Dolar}8.00 _r0 _sY _tBOOK _u2018-06-08 _xBIBLIOTECA _zUNKNOWN _o.STAFF. Colección General Tarapoto |
||
| 994 |
_aC0 _bPEPRU |
||
| 596 | _a1 2 4 | ||
| 999 |
_a254 L37L _wDEWEY _c59410 _i46959 _d59410 _f2021-11-12 _g5 _lCCODEBUL1 _mBUL _q1 _r0 _sY _tBOOK _u2015-6-16 _xTEOLOGIA _zUNKNOWN _0COMPRA _o.STAFF. Colección General |
||
| 999 |
_a254 L37L _wDEWEY _c2 _i47744 _d2017-5-3 _e2017-5-2 _f2021-11-12 _g5 _lCCODEBUL1 _mBUL _n1 _r0 _sY _tBOOK _u2015-6-16 _xTEOLOGIA _zUNKNOWN _0COMPRA _o.STAFF. Colección General |
||
| 999 |
_a254 L37L _wDEWEY _c3 _i50954 _f2021-11-10 _g5 _lCCODEBUL1 _mBUL _r0 _sY _tBOOK _u2015-6-16 _xTEOLOGIA _zUNKNOWN _0COMPRA _o.STAFF. Colección General |
||
| 999 |
_a254 L37L _wDEWEY _c4 _i50734 _lLOST _mBUL _r0 _sY _tBOOK _u2015-6-16 _xTEOLOGIA _zUNKNOWN _0COMPRA _o.STAFF. Colección General |
||
| 999 |
_a254 L37L _wDEWEY _c5 _i50735 _d2016-4-19 _e2016-4-18 _f2021-11-12 _g5 _lCCODEBUL1 _mBUL _n2 _r0 _sY _tBOOK _u2015-6-16 _xTEOLOGIA _zUNKNOWN _0COMPRA _o.STAFF. Colección General |
||
| 999 |
_a254 L37L _wDEWEY _c7 _i74811 _d2019-1-23 _e2017-4-24 _f2021-11-10 _g5 _lCCODEBUL1 _mBUL _n1 _p10.00 _q1 _r0 _sY _tBOOK _u2016-10-5 _xTEOLOGIA _PP04 _0COMPRA _o.STAFF. Colección Teología |
||
| 999 |
_a254 L37L _wDEWEY _c8 _i41740 _f2021-11-12 _g4 _lCCODEBUL1 _mBUL _p10.00 _r0 _sY _tBOOK _u2018-2-21 _xTEOLOGIA _PP35 _0COMPRA _o.STAFF. Colección Teología |
||
| 999 |
_a220.5 L37 1996 _wDEWEY _c1 _iFT01114 _f2019-2-20 _g1 _lCCODEBUT1 _mBUT _p8.00 _r0 _sY _tBOOK _u2015-10-20 _xBIBLIOTECA _zUNKNOWN _0DONACION _o.STAFF. Colección General |
||
| 999 |
_a220.5 L37 1996 _wDEWEY _c2 _iFT01120 _d2017-6-5 _e2017-6-4 _f2019-2-20 _g1 _lCCODEBUT1 _mBUT _n1 _p8.00 _r0 _sY _tBOOK _u2015-10-22 _xBIBLIOTECA _zUNKNOWN _0DONACION _o.STAFF. Colección General |
||
| 999 |
_a220.5 L37 1996 _wDEWEY _c3 _iFT01115 _f2019-2-20 _g1 _lCCODEBUT1 _mBUT _p8.00 _r0 _sY _tBOOK _u2015-10-23 _xBIBLIOTECA _zUNKNOWN _0DONACION _o.STAFF. Colección General |
||
| 999 |
_a220.5 L37 1996 _wDEWEY _c4 _iFT01112 _d2018-6-12 _e2018-6-7 _f2019-2-20 _g1 _lCCODEBUT1 _mBUT _n1 _p8.00 _r0 _sY _tBOOK _u2016-2-24 _xBIBLIOTECA _zUNKNOWN _0DONACION _o.STAFF. Colección General |
||
| 999 |
_a220.5 L37 1996 _wDEWEY _c5 _iFT01116 _f2019-2-20 _g1 _lCCODEBUT1 _mBUT _p8.00 _r0 _sY _tBOOK _u2016-2-24 _xBIBLIOTECA _zUNKNOWN _0DONACION _o.STAFF. Colección General |
||
| 999 |
_a220.5 L37 1996 _wDEWEY _c6 _iFT01117 _f2019-2-20 _g1 _lCCODEBUT1 _mBUT _p8.00 _r0 _sY _tBOOK _u2016-2-24 _xBIBLIOTECA _zUNKNOWN _0DONACION _o.STAFF. Colección General |
||
| 999 |
_a220.5 L37 1996 _wDEWEY _c7 _iFT01118 _f2019-2-20 _g1 _lCCODEBUT1 _mBUT _p8.00 _r0 _sY _tBOOK _u2016-2-24 _xBIBLIOTECA _zUNKNOWN _0DONACION _o.STAFF. Colección General |
||
| 999 |
_a220.5 L37 1996 _wDEWEY _c8 _iFT01119 _f2019-2-20 _g1 _lCCODEBUT1 _mBUT _p8.00 _r0 _sY _tBOOK _u2016-2-24 _xBIBLIOTECA _zUNKNOWN _0DONACION _o.STAFF. Colección General |
||
| 999 |
_a220.5 L37 1996 _wDEWEY _c9 _iFT03546 _f2019-2-20 _g1 _lCCODEBUT1 _mBUT _p8.00 _r0 _sY _tBOOK _u2018-6-8 _xBIBLIOTECA _zUNKNOWN _0DONACION _o.STAFF. Colección general |
||
| 999 |
_a253.7 L37 _wDEWEY _c1 _iCW18445 _f2021-12-22 _g2 _lCCODECWL1 _mBWL _r0 _sY _tBOOK _u2016-7-20 _xWHITE _zUNKNOWN _0COMPRA _o.STAFF. Centro White |
||
| 980 |
_81 _gALBERTO SANCHEZ Responsable de Automatización |
||